| 000 | 01142nam a2200373 u 4500 | ||
|---|---|---|---|
| 001 | 96786 | ||
| 005 | 20260506081620.0 | ||
| 008 | 960620s1995 spa | ||
| 020 | _a9589166261 | ||
| 035 | _a96786 | ||
| 035 | _a(OCoLC)778242209 | ||
| 040 | _ccomduadb | ||
| 041 | _aspa | ||
| 080 | _aV | ||
| 082 | 4 | _a364 | |
| 100 | 1 | 0 |
_aTellez Ardila, Astrid Mireya _4aut _eaut _9269950 |
| 245 | 1 | 4 | _aLas milicias populares: otra expresion de la violencia social en Colombia |
| 250 | _a1.ed. | ||
| 260 |
_aBogotá : _bRodriguez Quito, _c1995. |
||
| 300 | _a126 páginas | ||
| 500 | _aIncluye anexos. | ||
| 650 |
_aMilicias populares _939737 |
||
| 650 |
_aConflicto _9125682 |
||
| 650 | 7 |
_aConflicto armado _2lemb _951377 |
|
| 650 | 0 |
_aGuerrillas _929402 |
|
| 650 |
_aGrupos armados _926671 |
||
| 650 | 7 |
_aViolencia _2embne _932770 |
|
| 650 | 7 |
_aViolencia _zColombia _2lemb _9175634 |
|
| 650 | 7 |
_aViolencia _zMedellín (Antioquia, Colombia) _2lemb _9166342 |
|
| 650 |
_aMilicias populares - Valle de Aburrá _9175696 |
||
| 650 | 7 |
_aDelincuencia juvenil _2lemb _9860112 |
|
| 651 | 7 |
_aColombia _2embne _9870547 |
|
| 942 | _cBOOK | ||
| 999 |
_c91376 _d91376 |
||